000 01066nam a22003257a 4500
003 CHAP
005 20220329135814.0
008 971013s1972 r 00010 d
010 _a42502
011 _a43474
035 _a47610
040 _cCHAP
090 _aFolleto 1967
110 _aE.U.A. Department of Agriculture
_934876
245 _aRazas de ganado vacuno de engorda
260 _aMéxico, D. F. :
_bCentro Regional de Ayuda Técnica,
_c1972
300 _a26 p.
_b: ilus.
490 _aBoletín del agricultor
_v; 2228
590 _aBATCH-UPD
_b10
_c20130110
_lUCH01
_h1336
590 _aBATCH-UPD
_b10
_c20130410
_lUCH01
_h0839
590 _aBATCH-UPD
_b10
_c20130914
_lUCH01
_h0653
590 _aCONVERSION
_b10
_c20130109
_lUCH01
_h1323
650 1 4 _aGanado de carne
_xFecundidad.
_945083
650 1 4 _aGanado vacuno
_xRazas.
_945509
830 0 _aBoletín del agricultor
_v; 2228
_913541
901 _aBK
942 _cFOLL
949 _aFolleto 1967
_bBC
_cFOLL
_d-108130
_eTS1
_i47610
_si
949 _aFolleto 1967
_bBC
_cFOLL
_d-108131
_eTS2
_fc.2
_i47610
_si
999 _c42502
_d42502